| 000 | nam a22 7a 4500 | ||
|---|---|---|---|
| 999 |
_c25179 _d25179 |
||
| 008 | 170131b xxu||||| |||| 00| 0 eng d | ||
| 020 | _a0879236892 | ||
| 020 | _a0879236914 | ||
| 050 | _aN 6537 .E542A4 1987 | ||
| 100 | _aElmeleh, Victor. | ||
| 245 |
_aVictor Elmaleh/ _cVictor Elmaleh. |
||
| 260 |
_aNewYork : _bDavid R. Godine Inc., _c1987. |
||
| 300 |
_a143p. : _bill. ; _c\23cm. |
||
| 500 | _aInclude index. | ||
| 650 |
_aElmah, Victor _xcatalog. |
||
| 942 |
_2lcc _cBOOKS |
||